Catálogo
 En Linea

Génesis, evolución y fututro de la estadística en la República Dominicana / (Registro nro. 4281)

Detalles MARC
000 -CABECERA
campo de control de longitud fija 00514nam a2200145 a 4500
001 - NÚMERO DE CONTROL
campo de control 000004472
005 - FECHA Y HORA DE LA ÚLTIMA TRANSACCIÓN
campo de control 20200929151439.0
008 - DATOS DE LONGITUD FIJA--INFORMACIÓN GENERAL
campo de control de longitud fija 090723s1952 dr 000 0 spa d
040 ## - FUENTE DE LA CATALOGACIÓN
Centro catalogador/agencia de origen DO-SdBNP
Lengua de catalogación spa
Centro/agencia transcriptor BNPHU
082 ## - NÚMERO DE LA CLASIFICACIÓN DECIMAL DEWEY
Número de clasificación xxxx
Número de documento/Ítem M524g
100 1# - ENTRADA PRINCIPAL--NOMBRE DE PERSONA
Nombre de persona Mella, Salvador A.
9 (RLIN) 13087
245 10 - MENCIÓN DE TÍTULO
Título Génesis, evolución y fututro de la estadística en la República Dominicana /
Mención de responsabilidad, etc. Salvador A. Mella.
260 ## - PUBLICACIÓN, DISTRIBUCIÓN, ETC.
Lugar de publicación, distribución, etc. Ciudad Trujillo, República Dominicana :
Nombre del editor, distribuidor, etc. Dirección General de Estadísticas,
Fecha de publicación, distribución, etc. 1952.
300 ## - DESCRIPCIÓN FÍSICA
Extensión 39 p. ;
Dimensiones 20 cm.
Existencias
Estado de retiro Estado de pérdida No para préstamo Código de colección Localización permanente Ubicación/localización actual Ubicación en estantería Fecha de adquisición Número de inventario Total de préstamos Signatura topográfica completa Código de barras Fecha visto por última vez Precio válido a partir de Tipo de ítem Koha
    Excluido de préstamo Patrimonio Dominicano Patrimonio Dominicano Patrimonio Dominicano En catalogación 23.07.2009 LF1   xxxx M524g 4472-10 25.06.2020 25.06.2020 Libro y Folleto Colección Patrimonio Dominicano

Con tecnología Koha